Quiz su Vanuatu - Statistics

Statistiche generali
  • Questo quiz è stato fatto 384 volte
  • Il punteggio medio è 10 su 20
Statistiche sulle risposte
Hint Risposta % Corretto
Inglese
97%
Territorio francese d'oltremare situato appena a sud-ovest di Vanuatu Nuova {Caledonia}
79%
Francese
78%
Isola più grande di Vanuatu (ha lo stesso nome di uno stato del Brasile) Espiritu {Santo}
72%
Capitale Port Vila
71%
Sottodivisione oceanica in cui si trova Vanuatu {Mela}nesia
63%
L'ultima pratica registrata di questo spaventoso rituale ha avuto luogo nel 1969 Cannibalismo
61%
Capitano britannico che ha dato a Vanuatu quel nome James Cook
55%
Reale britannico, nato nel 1921 e scomparso di recente, adorato come un essere divino dal popolo Kastom Principe Filippo
48%
Prodotto alimentare che rappresenta il 71% delle esportazioni Pesce
47%
Mare situato tra Vanuatu e l'Australia Mare dei Coralli
41%
L'ex nome di Vanuatu prima che ottenesse la sua indipendenza nel 1980 Nuove {Ebridi}
37%
Lingue ufficiali Bislama
32%
Moneta di Vanuatu Vatu
31%
Vanuatu ne ha 113 di questi, il più alto pro-capite di qualsiasi paese Lingue indigene
29%
Quello che Vanuatu vende per $ 150.000, uno dei prezzi meno costosi in tutto il mondo Cittadinanza
28%
Rito a lungo praticato su quest'isola che consisteva nella costruzione di piste per l'atterraggio nella speranza di ricevere rifornimenti e attrezzature aeree Culto del {Cargo}
25%
Attività moderna simile alle tradizionali "Land diving" di Vanuatu Bungee Jumping
24%
La seconda città più popolosa di Vanuatu e la città principale dell'isola {Lugan}ville
24%
Pianta le cui radici vengono preparate in una bevanda con proprietà sedative K{ava}
22%
Nessun quiz corrispondente trovato
Distribuzione punteggi
Percentuale di utenti per punteggio
Percentile per numero di risposta
I tuoi punteggi nel tempo
Non hai fatto questo quiz